000 00727cam a2200217 i 4500
001 4661786
005 20250208160642.0
008 800110s1980 mdua 000 0 eng
020 _a087619627X (pbk.)
050 1 0 _aRC685.A65
_bW33
082 0 0 _a616.1/2807547
100 1 _aWalraven, Gail,
_d1949-
245 1 0 _aBasic arrhythmias /
_cGail Walraven.
260 _aBowie, Md. :
_bR.J. Brady Co.,
_cc1980.
300 _axvi, 444, [49] p. :
_bill. ;
_c24 cm.
650 0 _aArrhythmia
_xDiagnosis
_xProgrammed instruction.
650 0 _aElectrocardiography
_xProgrammed instruction.
650 2 _aArrhythmia
_xNursing
_xExamination questions.
650 2 _aElectrocardiography
_xNursing
_xExamination questions.
942 _2lcc
_cBK
_n0
999 _c3690
_d3690